000250027 001__ 250027
000250027 005__ 20250112184005.0
000250027 022__ $$2(DE-600)3062800-3$$a2724-6612
000250027 022__ $$a2724-6108$$l2724-6108
000250027 022__ $$a2724-6612
000250027 0247_ $$2ZDBID$$aPERI:(DE-600)3062801-5
000250027 0247_ $$2ZDBPPN$$aZDPPN:1232737801
000250027 0247_ $$2EZBID$$aPERI:(DE-606)39064
000250027 0247_ $$2OCLC$$aOCLC:1366359031
000250027 0247_ $$2ISI$$aWOS:MINERVA PSYCHIATRY
000250027 0247_ $$2SCOPUS$$aSCOPUS:21101045280
000250027 0247_ $$2Medline$$amedline:9918249510306676
000250027 035__ $$aPERI:(DE-600)3062801-5
000250027 040__ $$a4002$$bger$$cDE-101$$dJOIN²$$eJOIN² journal identification
000250027 041__ $$aeng
000250027 044__ $$cXA-IT
000250027 082__ $$223sdnb$$a610$$qDE-600
000250027 08274 $$223sdnb$$a610$$qDE-600
000250027 2100_ $$2dnlm$$aMinerva Psychiatry
000250027 2100_ $$2iso$$aMinerva Psychiatry
000250027 24220 $$2DE-600$$aMinerva psychiatry$$ba journal on psychiatry, psychology and psychopharmacology$$yen
000250027 24220 $$2DE-600$$aMinerva psychiatry$$ba journal on psychiatry, psychology and psychopharmacology
000250027 245__ $$2DE-600$$aMinerva psychiatry$$ba journal on psychiatry, psychology and psychopharmacology$$honline, print
000250027 2463_ $$2DE-600$$aMinerva psychiatry
000250027 2463_ $$aMinerva Psichiatrica
000250027 2463_ $$aMinerva psychiatry
000250027 260__ $$aTorino$$bEdizioni Minerva Medica$$c2021-
000250027 26431 $$aTorino$$bEdizioni Minerva Medica$$c2021-
000250027 3620_ $$2DE-600$$a62, 1 (March 2021)-
000250027 36301 $$2DE-600$$81.1\x$$a62$$i2021
000250027 380__ $$2marcgt$$ajournal
000250027 500__ $$aAutomatically generated record. (Updated: 2024-12-21)
000250027 650_7 $$0ASJC:2738$$2ASJC$$aPsychiatry and Mental health
000250027 77608 $$2DE-600$$dTorino (Italy) : Edizioni Minerva Medica, 2021-$$iErscheint auch als$$nDruck-Ausgabe$$tMinerva psychiatry$$w(DE-600)3062800-3$$x2724-6612
000250027 78000 $$2DE-600$$dTorino : Ed. Minerva Medica, 1998-2020$$hOnline-Ressource$$iFortsetzung von$$tMinerva Psichiatrica$$w(DE-600)2125762-0$$x1827-1731
000250027 8564_ $$d0$$uhttps://ezb.ur.de/?3062801-5$$yEZB
000250027 8564_ $$d0$$uhttps://www.minervamedica.it/en/journals/minerva-psychiatry/index.php$$yVerlag
000250027 8801_ $$2DE-600$$aMinerva psychiatry$$ba journal on psychiatry, psychology and psychopharmacology
000250027 909CO $$ooai:juser.fz-juelich.de:915379$$pauthority$$pauthority:PERI
000250027 909CO $$ooai:juser.fz-juelich.de:915379
000250027 915__ $$0StatID:(DE-HGF)0200$$2StatID$$aDBCoverage$$bSCOPUS$$d2024-12-21
000250027 915__ $$0StatID:(DE-HGF)0300$$2StatID$$aDBCoverage$$bMedline$$d2024-12-21
000250027 915__ $$0StatID:(DE-HGF)0199$$2StatID$$aDBCoverage$$bClarivate Analytics Master Journal List$$d2024-12-21
000250027 915__ $$0StatID:(DE-HGF)0112$$2StatID$$aWoS$$bEmerging Sources Citation Index$$d2024-12-21
000250027 915__ $$0StatID:(DE-HGF)0150$$2StatID$$aDBCoverage$$bWeb of Science Core Collection$$d2024-12-21
000250027 980__ $$aPERI
000250027 980__ $$aAUTHORITY